Guess the painter - Statistics

General Stats
  • This quiz has been taken 75 times
  • The average score is 8 of 20
Answer Stats
Picture Answer % Correct
Claude Monet
87%
Vincent van Gogh
83%
Paul Gauguin
81%
Edgar Degas
76%
Johannes Vermeer
70%
Henri Matisse
68%
William Turner
63%
Amedeo Modigliani
46%
Paul Cezanne
46%
Caravaggio
43%
Jacques-Louis David
32%
Henri Rousseau
30%
Theodore Gericault
25%
John Constable
17%
Giotto
14%
Giorgione
5%
Adolf Hitler
3%
Artemisia Gentileschi
0%
Hilma af Klint
0%
Piet Mondrian
0%
No matching quizzes found
Score Distribution
Percent of People with Each Score
Percentile by Number Answered
Your Score History
You have not taken this quiz